000 00393 a2200157 4500
001 168669
020 _a
040 _cMagnum
100 _aIoschpe, Evelyn Berg (Org.)
240 1 0 _a3º Setor - desenvolvimento social sustentado
_lpor
245 1 0 _a3º Setor - desenvolvimento social sustentado
362 0 _a1899
440 1 _aPaz e Terra
697 _aORGANIZACAO SOCIAL
942 _cBK
999 _c168669
_d168669